Penulisan berkesan : kaedah penulisan yang baik dan penulisan laporan

Bibliographic Details
Main Author: Mansor Ahmad Saman
Format: Book
Published: Kuala Lumpur : Institut Terjemahan & Buku Malaysia Berhad , 2016
Subjects:

MARC

LEADER 00000cam a2200000 7i4500
001 0000210313
005 20170120.0
020 |a 9789674602406 
090 0 0 |a 808.02   |b MAN 
100 0 |a Mansor Ahmad Saman 
245 1 0 |a Penulisan berkesan :   |b kaedah penulisan yang baik dan penulisan laporan   |c Mansor Ahmad Saman 
260 |a Kuala Lumpur :   |b Institut Terjemahan & Buku Malaysia Berhad ,   |c 2016 
300 |a 100p. ;   |c 23cm. 
650 0 |a Authorship 
650 0 |a Creative writing 
650 0 |a Journalism 
999 |a 00332715   |b BUKU   |c PINJAMAN   |e PERPUSTAKAAN KOMUNITI PETALING JAYA 
999 |a 00332716   |b BUKU   |c PINJAMAN   |e PERPUSTAKAAN KOMUNITI PETALING JAYA